[Event "Daventry 4NCL Easter op-A 3rd"]
[Site "Daventry"]
[Date "2023.04.08"]
[Round "3"]
[White "Miller, George"]
[Black "White, Stuart A"]
[Result "1/2-1/2"]
[WhiteElo "1841"]
[BlackElo "2051"]
[PlyCount "38"]
[EventDate "2023.04.07"]
[EventType "swiss"]
[EventRounds "7"]
[EventCountry "ENG"]
[SourceTitle "CBM 213 Extra"]
[Source "ChessBase"]
[SourceDate "2023.05.31"]
[SourceVersion "1"]
[SourceVersionDate "2023.05.31"]
[SourceQuality "1"]

1. e4 c5 2. Nc3 a6 3. Nge2 b5 4. g3 Bb7 5. Bg2 Nc6 6. 0-0 g6 7. d4 cxd4 8. Nxd4 Bg7 9. Nxc6 Bxc6 10. Be3 e6 11. Bd4 f6 12. Re1 e5 13. Bc5 Ne7 14. Nd5 Nxd5 15. exd5 Bb7 16. a4 d6 17. Ba3 Qb6 18. axb5 axb5 19. Qg4 f5 1/2-1/2

[Event "Daventry 4NCL Easter op-A 3rd"]
[Site "Daventry"]
[Date "2023.04.07"]
[Round "1"]
[White "Miller, George"]
[Black "McCumiskey, Andrew P"]
[Result "1-0"]
[WhiteElo "1841"]
[BlackElo "2001"]
[PlyCount "103"]
[EventDate "2023.04.07"]
[EventType "swiss"]
[EventRounds "7"]
[EventCountry "ENG"]
[SourceTitle "CBM 213 Extra"]
[Source "ChessBase"]
[SourceDate "2023.05.31"]
[SourceVersion "1"]
[SourceVersionDate "2023.05.31"]
[SourceQuality "1"]

1. e4 d6 2. d4 g6 3. Be3 Bg7 4. Qd2 a6 5. Nc3 b5 6. 0-0-0 Bb7 7. f3 Nd7 8. h4 h6 9. Nh3 e6 10. Nf2 Ne7 11. Ng4 Ng8 12. Nf2 Nb6 13. Kb1 b4 14. Ne2 Nc4 15. Qxb4 Nxe3 16. Rd3 Rb8 17. Qa4+ c6 18. Rxe3 Ne7 19. h5 0-0 20. hxg6 fxg6 21. Rb3 Qc7 22. Nd3 c5 23. dxc5 dxc5 24. Qc4 Kh7 25. Qxc5 Qd7 26. Qg5 Rbc8 27. Nc5 Qd1+ 28. Qc1 Qxc1+ 29. Nxc1 Rxc5 30. Rxb7 Nc6 31. Nd3 Rg5 32. Rb6 Nd4 33. Rxa6 Rc8 34. c3 Nc6 35. a3 Kg8 36. Nb4 Nd8 37. Kc2 h5 38. Kb3 Nb7 39. Kc2 Nc5 40. Rc6 Rf8 41. Na6 Nxa6 42. Rxa6 Kf7 43. Ra7+ Kg8 44. Re7 e5 45. a4 Rd8 46. a5 Bf8 47. Rb7 Bc5 48. a6 Ra8 49. b4 Bf2 50. b5 h4 51. b6 Rh5 52. a7 1-0

[Event "Hastings Masters op"]
[Site "Hastings"]
[Date "2023.01.03"]
[Round "7"]
[White "Miller, George"]
[Black "Flynn, David"]
[Result "1-0"]
[WhiteElo "1808"]
[BlackElo "1872"]
[PlyCount "47"]
[EventDate "2022.12.28"]
[EventType "swiss"]
[EventRounds "10"]
[EventCountry "ENG"]
[SourceTitle "CBM 212 Extra"]
[Source "ChessBase"]
[SourceDate "2023.03.31"]
[SourceVersion "1"]
[SourceVersionDate "2023.03.31"]
[SourceQuality "1"]

1. c4 c5 2. Nc3 g6 3. g3 Bg7 4. Bg2 d6 5. e4 a6 6. Nge2 b5 7. cxb5 axb5 8. Nxb5 Ba6 9. Qa4 Nd7 10. Nec3 Bxc3 11. dxc3 Ngf6 12. c4 0-0 13. 0-0 Nb6 14. Qc2 Nxc4 15. Qxc4 Qd7 16. Rd1 Bxb5 17. Qc3 e5 18. Bg5 Ne8 19. Bh6 Ng7 20. Rd2 Ra6 21. b3 Qc7 22. Rad1 f6 23. a4 Bd7 24. Qc4+ 1-0

[Event "Hastings Masters op"]
[Site "Hastings"]
[Date "2023.01.01"]
[Round "5"]
[White "Miller, George"]
[Black "Payne, Matthew"]
[Result "0-1"]
[WhiteElo "1808"]
[BlackElo "2116"]
[PlyCount "54"]
[EventDate "2022.12.28"]
[EventType "swiss"]
[EventRounds "10"]
[EventCountry "ENG"]
[SourceTitle "CBM 212 Extra"]
[Source "ChessBase"]
[SourceDate "2023.03.31"]
[SourceVersion "1"]
[SourceVersionDate "2023.03.31"]
[SourceQuality "1"]

1. c4 Nf6 2. Nc3 g6 3. g3 Bg7 4. Bg2 0-0 5. e4 d6 6. Nge2 c5 7. 0-0 Nc6 8. d3 Rb8 9. h3 Ne8 10. Be3 Nc7 11. d4 b5 12. cxb5 Nxb5 13. dxc5 dxc5 14. Bxc5 Nxc3 15. bxc3 Qa5 16. Be3 Ne5 17. Qd5 Rb5 18. Qd1 Ba6 19. Re1 Rb2 20. Bc1 Rd8 21. Qxd8+ Qxd8 22. Bxb2 Qd2 23. Ba3 Bxe2 24. Rab1 h5 25. Bxe7 Nd3 26. Rb8+ Kh7 27. Reb1 Bd1 0-1

[Event "Witney op-A 9th"]
[Site "Witney"]
[Date "2022.11.05"]
[Round "1"]
[White "Miller, George"]
[Black "James, Russell A"]
[Result "0-1"]
[WhiteElo "1808"]
[BlackElo "2111"]
[PlyCount "59"]
[EventDate "2022.11.05"]
[EventType "swiss"]
[EventRounds "5"]
[EventCountry "ENG"]
[SourceTitle "CBM 211 Extra"]
[Source "ChessBase"]
[SourceDate "2023.01.31"]
[SourceVersion "1"]
[SourceVersionDate "2023.01.31"]
[SourceQuality "1"]

1. c4 Nf6 2. Nc3 c5 3. g3 e6 4. Bg2 Nc6 5. e4 Be7 6. Nge2 0-0 7. 0-0 d6 8. d3 Bd7 9. h3 a6 10. Be3 Rb8 11. a4 h5 12. f4 Qc7 13. b3 Rfe8 14. d4 cxd4 15. Nxd4 Qa5 16. Rc1 Nxd4 17. Bxd4 Bc6 18. e5 dxe5 19. fxe5 Rbd8 20. Nd5 Nxd5 21. cxd5 Bxd5 22. Qxh5 g6 23. Qh6 Bf8 24. Qh4 Bxg2 25. Bc3 Qd5 26. Rfd1 Qc5+ 27. Bd4 Rxd4 28. Qxd4 Qxd4+ 29. Rxd4 Bc6 30. Ra1 0-1

[Event "Leamington Spa 4NCL op-A 28th"]
[Site "Leamington Spa"]
[Date "2022.07.09"]
[Round "2"]
[White "Pal, Rohan"]
[Black "Miller, George"]
[Result "1/2-1/2"]
[WhiteElo "1953"]
[BlackElo "1746"]
[PlyCount "33"]
[EventDate "2022.07.08"]
[EventType "swiss"]
[EventRounds "5"]
[EventCountry "ENG"]
[SourceTitle "CBM 209 Extra"]
[Source "ChessBase"]
[SourceDate "2022.09.30"]
[SourceVersion "1"]
[SourceVersionDate "2022.09.30"]
[SourceQuality "1"]

1. e4 d5 2. exd5 Nf6 3. Nf3 Bg4 4. Bb5+ Nbd7 5. c4 a6 6. Ba4 b5 7. cxb5 Nxd5 8. d4 e5 9. dxe5 Bb4+ 10. Bd2 0-0 11. Bxb4 Nxb4 12. 0-0 Nc5 13. Nc3 Nxa4 14. Qxa4 Bxf3 15. gxf3 Qg5+ 16. Kh1 Qf4 17. Kg2 1/2-1/2

[Event "Leamington Spa 4NCL op-A 28th"]
[Site "Leamington Spa"]
[Date "2022.07.08"]
[Round "1"]
[White "Miller, George"]
[Black "Seymour, Timothy P"]
[Result "0-1"]
[WhiteElo "1746"]
[BlackElo "2076"]
[PlyCount "44"]
[EventDate "2022.07.08"]
[EventType "swiss"]
[EventRounds "5"]
[EventCountry "ENG"]
[SourceTitle "CBM 209 Extra"]
[Source "ChessBase"]
[SourceDate "2022.09.30"]
[SourceVersion "1"]
[SourceVersionDate "2022.09.30"]
[SourceQuality "1"]

1. c4 e6 2. Nc3 d5 3. d4 Nf6 4. cxd5 exd5 5. Bg5 c6 6. Qc2 h6 7. Bh4 Be7 8. e3 0-0 9. Bd3 Re8 10. Nge2 Nbd7 11. 0-0 a5 12. f3 b5 13. Rae1 Ba6 14. Bf5 Nb6 15. Nd1 Nc4 16. Kh1 b4 17. Rg1 c5 18. Bh3 Qb6 19. g4 Rad8 20. g5 hxg5 21. Bxg5 Nh5 22. Qf5 Bc8 0-1

[Event "Daventry 4NCL Easter op-A 2nd"]
[Site "Daventry"]
[Date "2022.04.16"]
[Round "3"]
[White "Cordova Lopez, Diego Anton"]
[Black "Miller, George"]
[Result "1-0"]
[WhiteElo "1632"]
[BlackElo "1782"]
[PlyCount "61"]
[EventDate "2022.04.15"]
[EventType "swiss"]
[EventRounds "7"]
[EventCountry "ENG"]
[SourceTitle "CBM 207 Extra"]
[Source "ChessBase"]
[SourceDate "2022.05.31"]
[SourceVersion "1"]
[SourceVersionDate "2022.05.31"]
[SourceQuality "1"]

1. e4 c6 2. Nf3 d5 3. Nc3 dxe4 4. Nxe4 Nf6 5. Qe2 Nxe4 6. Qxe4 Nd7 7. Bc4 Nf6 8. Ne5 e6 9. Qe2 Bd6 10. d4 Qc7 11. Bf4 0-0 12. Bg3 Nd5 13. Bd3 f5 14. c3 Bd7 15. h4 b5 16. h5 f4 17. h6 Bxe5 18. dxe5 g5 19. Rh5 fxg3 20. Rxg5+ Kf7 21. Rg7+ Ke8 22. fxg3 Qb6 23. Rd1 Qe3 24. Bg6+ hxg6 25. Qxe3 Nxe3 26. Rdxd7 Nxg2+ 27. Ke2 Nf4+ 28. gxf4 Rxf4 29. h7 Rh4 30. Rde7+ Kf8 31. Rgf7# 1-0

[Event "Harrogate 4NCL op 27th"]
[Site "Harrogate"]
[Date "2022.01.22"]
[Round "3"]
[White "Fathallah, Joe"]
[Black "Miller, George"]
[Result "1-0"]
[WhiteElo "1861"]
[BlackElo "1796"]
[PlyCount "97"]
[EventDate "2022.01.21"]
[EventType "swiss"]
[EventRounds "5"]
[EventCountry "ENG"]
[SourceTitle "CBM 206 Extra"]
[Source "ChessBase"]
[SourceDate "2022.03.31"]
[SourceVersion "1"]
[SourceVersionDate "2022.03.31"]
[SourceQuality "1"]

1. d4 d5 2. c4 e6 3. Nc3 c5 4. dxc5 d4 5. Ne4 Bxc5 6. Nxc5 Qa5+ 7. Bd2 Qxc5 8. e3 dxe3 9. Bxe3 Qb4+ 10. Qd2 Nc6 11. Nf3 e5 12. Be2 Bf5 13. 0-0 f6 14. Rfd1 Nge7 15. Rac1 Kf7 16. a3 Qxd2 17. Nxd2 Rhd8 18. Nf3 Be4 19. b4 Nf5 20. Kf1 Nxe3+ 21. fxe3 Rxd1+ 22. Rxd1 Rd8 23. Rxd8 Nxd8 24. Ke1 Nc6 25. Kd2 Ne7 26. Bd3 Bc6 27. Bc2 g6 28. Kc3 Ke6 29. Bb3 Be4 30. a4 Kd6 31. Bc2 Bc6 32. c5+ Ke6 33. e4 h6 34. Bb3+ Kd7 35. Nd2 Kc7 36. b5 Bd7 37. Kb4 Bg4 38. Nc4 Nc8 39. Ne3 f5 40. h3 Be2 41. exf5 gxf5 42. Nxf5 h5 43. Ng3 Bd3 44. Nxh5 Ne7 45. Nf6 Ng6 46. Kc3 Bf1 47. Nd5+ Kd7 48. Ne3 Be2 49. Kd2 1-0

[Event "English Online Blitz Gp1"]
[Site "Chess.com INT"]
[Date "2020.05.09"]
[Round "6"]
[White "Kilambi, Venkata Ananth Aksh"]
[Black "Miller, George"]
[Result "0-1"]
[WhiteElo "1063"]
[BlackElo "1815"]
[PlyCount "104"]
[EventDate "2020.05.09"]
[EventType "swiss (blitz)"]
[EventRounds "11"]
[EventCountry "ENG"]
[SourceTitle "CBM 196 Extra"]
[Source "ChessBase"]
[SourceDate "2020.07.31"]
[SourceVersion "1"]
[SourceVersionDate "2020.07.31"]
[SourceQuality "1"]

1. e4 d5 2. exd5 Nf6 3. Nc3 Nxd5 4. Nxd5 Qxd5 5. Nf3 Bg4 6. Be2 Nc6 7. h3 Bh5 8. 0-0 e5 9. d3 Bc5 10. c4 Qe6 11. Ng5 Bxe2 12. Nxe6 Bxd1 13. Nxc7+ Kd7 14. Nxa8 Bh5 15. Be3 Bxe3 16. fxe3 Rxa8 17. d4 exd4 18. exd4 f6 19. d5 Ne5 20. g4 Bg6 21. c5 Rc8 22. Rac1 Be4 23. c6+ bxc6 24. dxc6+ Rxc6 25. Rfd1+ Kc7 26. Re1 Nf3+ 27. Kf2 Nxe1 28. Rxe1 Rc2+ 29. Re2 Rxe2+ 30. Kxe2 Kd6 31. b4 Bb1 32. a4 Bc2 33. a5 Ba4 34. Kd3 Kd5 35. Kc3 Bb5 36. Kb3 Kd4 37. Ka3 a6 38. Kb3 Kd3 39. Kb2 Kc4 40. Ka3 Kc3 41. Ka2 Kxb4 42. Kb2 Kxa5 43. Ka1 Kb4 44. Ka2 Kc3 45. Ka3 g6 46. Ka2 f5 47. Ka3 f4 48. Ka2 f3 49. Kb1 f2 50. Ka2 f1Q 51. Ka3 Qc4 52. h4 Qb3# 0-1

[Event "English Online Blitz Gp1"]
[Site "Chess.com INT"]
[Date "2020.05.09"]
[Round "7"]
[White "Yapp, Christopher"]
[Black "Miller, George"]
[Result "1/2-1/2"]
[WhiteElo "1494"]
[BlackElo "1815"]
[PlyCount "115"]
[EventDate "2020.05.09"]
[EventType "swiss (blitz)"]
[EventRounds "11"]
[EventCountry "ENG"]
[SourceTitle "CBM 196 Extra"]
[Source "ChessBase"]
[SourceDate "2020.07.31"]
[SourceVersion "1"]
[SourceVersionDate "2020.07.31"]
[SourceQuality "1"]

1. f4 e5 2. e4 d5 3. exd5 exf4 4. Nf3 Qxd5 5. Nc3 Qh5 6. Be2 Nf6 7. 0-0 Bd6 8. d3 g5 9. Qe1 Be6 10. Nd4 Ng4 11. h3 Bc5 12. Kh1 Bxd4 13. Bxg4 Qh6 14. Nb5 Na6 15. Nxd4 0-0-0 16. Bxe6+ fxe6 17. Qxe6+ Qxe6 18. Nxe6 Rde8 19. Nxg5 Re2 20. Bxf4 Rxc2 21. b3 Rd8 22. Rfd1 h6 23. Ne4 Nb4 24. a3 Nxd3 25. Bxh6 Rb2 26. b4 a5 27. Nc5 Nf2+ 28. Kh2 Nxd1 29. Rxd1 Rxd1 30. bxa5 Ra2 31. a4 b6 32. axb6 cxb6 33. Ne4 Rd3 34. Ng3 Rxa4 35. Nf5 Ra2 36. h4 b5 37. h5 b4 38. Ng3 b3 39. Bg7 b2 40. Bxb2 Rxb2 41. h6 Rdd2 42. Kh3 Rxg2 43. Kg4 Rb4+ 44. Kh3 Rxg3+ 45. Kxg3 Rb6 46. Kg4 Rxh6 47. Kg5 Ra6 48. Kf5 Kd7 49. Ke5 Ra5+ 50. Kd4 Kd6 51. Kc4 Rh5 52. Kb4 Rc5 53. Kb3 Kd5 54. Kb4 Kd4 55. Kb3 Rc4 56. Kb2 Kd3 57. Kb3 Rh4 58. Kb2 1/2-1/2

[Event "Hastings Masters op 95th"]
[Site "Hastings"]
[Date "2020.01.05"]
[Round "9"]
[White "Miller, George"]
[Black "Anuprita, Patil"]
[Result "0-1"]
[WhiteElo "1845"]
[BlackElo "2025"]
[PlyCount "76"]
[EventDate "2019.12.28"]
[EventType "swiss"]
[EventRounds "9"]
[EventCountry "ENG"]
[SourceTitle "CBM 194 Extra"]
[Source "ChessBase"]
[SourceDate "2020.03.31"]
[SourceVersion "1"]
[SourceVersionDate "2020.03.31"]
[SourceQuality "1"]

1. e4 c5 2. Nf3 Nc6 3. d4 cxd4 4. Nxd4 Qb6 5. Nb3 e6 6. Be3 Qc7 7. Be2 Nf6 8. Bf3 Bb4+ 9. c3 Bd6 10. Nd4 a6 11. Nd2 Ne5 12. Be2 h5 13. h3 Ng6 14. Qa4 Rb8 15. Qc4 Qd8 16. 0-0-0 b5 17. Qd3 Nf4 18. Bxf4 Bxf4 19. g3 Bc7 20. f4 Bb7 21. Rhf1 d5 22. Bf3 Bb6 23. e5 Nd7 24. Nxe6 fxe6 25. Qg6+ Kf8 26. Bxh5 Qe8 27. Qxe8+ Rxe8 28. Bxe8 Kxe8 29. h4 d4 30. c4 Ke7 31. b3 Rc8 32. Kb2 Ba5 33. cxb5 Bc3+ 34. Kc1 axb5 35. a4 bxa4 36. bxa4 Nc5 37. Nc4 Nd3+ 38. Rxd3 Rxc4 0-1